000 00354nam a22001337a 4500
999 _c15451
_d15451
020 _a9789383305155
082 _a633.83
_bSIN/PR
100 _aSingh ,D K .
_9793
245 _aProtected cultivation of horticultural crops
260 _aNew delhi ;
_bNew india publishing agency ,
_c2014.
300 _a464p;.
700 _aPeter , K V.
_9305
942 _cBK